<?xml version="1.0" encoding="UTF-8"?><?xml-stylesheet type="text/xsl" href="static/style.xsl"?><OAI-PMH xmlns="http://www.openarchives.org/OAI/2.0/" xmlns:xsi="http://www.w3.org/2001/XMLSchema-instance" xsi:schemaLocation="http://www.openarchives.org/OAI/2.0/ http://www.openarchives.org/OAI/2.0/OAI-PMH.xsd"><responseDate>2026-04-17T03:44:43Z</responseDate><request verb="GetRecord" identifier="oai:www.recercat.cat:10256/20113" metadataPrefix="marc">https://recercat.cat/oai/request</request><GetRecord><record><header><identifier>oai:recercat.cat:10256/20113</identifier><datestamp>2024-05-22T11:28:35Z</datestamp><setSpec>com_2072_452966</setSpec><setSpec>com_2072_2054</setSpec><setSpec>col_2072_452968</setSpec></header><metadata><record xmlns="http://www.loc.gov/MARC21/slim" xmlns:dcterms="http://purl.org/dc/terms/" xmlns:xsi="http://www.w3.org/2001/XMLSchema-instance" xmlns:doc="http://www.lyncode.com/xoai" xsi:schemaLocation="http://www.loc.gov/MARC21/slim http://www.loc.gov/standards/marcxml/schema/MARC21slim.xsd">
   <leader>00925njm 22002777a 4500</leader>
   <datafield ind2=" " ind1=" " tag="042">
      <subfield code="a">dc</subfield>
   </datafield>
   <datafield ind2=" " ind1=" " tag="720">
      <subfield code="a">Parnau Salamó, Irene</subfield>
      <subfield code="e">author</subfield>
   </datafield>
   <datafield ind2=" " ind1=" " tag="260">
      <subfield code="c">2021-06</subfield>
   </datafield>
   <datafield ind2=" " ind1=" " tag="520">
      <subfield code="a">Aquest article exposa la importància de l’educació sexual als joves de gènere masculí que conviuen als centres d’acollida, sorgeix de la necessitat de formar els futurs adults en la igualtat i la paritat de gènere, eliminar els privilegis i també prevenir possibles actituds i comportaments compresos dins la violència masclista. Per tal d’aconseguir una societat fora del sistema patriarcal, lliure d’estereotips i creences que fomenten la submissió de la dona vers l’home blanc heterosexual. L’article busca eliminar l’androcentrisme i promoure l’evolució cap a un futur on totes les identitats i expressions de gènere puguin viure en igualtat sense ser jutjades ni oprimides. La problemàtica s’investiga a partir d’una metodologia qualitativa que aprofundeix en els coneixements dels joves i l’existència dels programes d’educació sexual. Els resultats mostren l’evident desconeixement social sobre la sexualitat i evidencien la necessitat de crear i incidir amb profunditat a una educació sexual propera i de qualitat</subfield>
   </datafield>
   <datafield ind2=" " ind1=" " tag="520">
      <subfield code="a">This article exposes the importance of sex education for young people under guardianship, starting from the need to train future adults in gender equality and parity, to eliminate privileges and also to prevent possible attitudes and behaviours included in gender violence. To achieve a society outside the patriarchal system, free of stereotypes and beliefs that promote the subjugation of women to white heterosexual men. The article seeks to eliminate androcentrism and promote the evolution towards a future where allgender identities and expressions can live in equality without being judged or oppressed. The problem is investigated from a qualitative methodology that takes advantage of the knowledge of young people and the existence of sex education programs. The results show the evident social ignorance about sexuality and evidence the need to create and influence in depth an adequate and quality sexual education</subfield>
   </datafield>
   <datafield ind1="8" ind2=" " tag="024">
      <subfield code="a">http://hdl.handle.net/10256/20113</subfield>
   </datafield>
   <datafield tag="653" ind2=" " ind1=" ">
      <subfield code="a">Adolescents -- Conducta sexual</subfield>
   </datafield>
   <datafield tag="653" ind2=" " ind1=" ">
      <subfield code="a">Educació sexual</subfield>
   </datafield>
   <datafield tag="653" ind2=" " ind1=" ">
      <subfield code="a">Guarda i custòdia</subfield>
   </datafield>
   <datafield tag="653" ind2=" " ind1=" ">
      <subfield code="a">Joves -- Serveis socials</subfield>
   </datafield>
   <datafield tag="653" ind2=" " ind1=" ">
      <subfield code="a">Treball social amb els joves</subfield>
   </datafield>
   <datafield tag="653" ind2=" " ind1=" ">
      <subfield code="a">Teenagers -- Sexual behavior</subfield>
   </datafield>
   <datafield tag="653" ind2=" " ind1=" ">
      <subfield code="a">Sex instruction</subfield>
   </datafield>
   <datafield tag="653" ind2=" " ind1=" ">
      <subfield code="a">Custody of children</subfield>
   </datafield>
   <datafield tag="653" ind2=" " ind1=" ">
      <subfield code="a">Youth -- Services for</subfield>
   </datafield>
   <datafield tag="653" ind2=" " ind1=" ">
      <subfield code="a">Social work with youth</subfield>
   </datafield>
   <datafield ind2="0" ind1="0" tag="245">
      <subfield code="a">Qui parla de sexualitat als joves tutelats?. Estudi sobre l'educació sexual als centres d'acollida</subfield>
   </datafield>
</record></metadata></record></GetRecord></OAI-PMH>